000 00349nam a22001577a 4500
003 SGT
082 _a612
_bA13G
100 _aGHAI,C.L
245 _aA TEXT BOOK OF PRACTICAL PHYSIOLOGY
250 _a8TH
260 _aDELHI
_bJAYPEE BROTHERS
_c2013
300 _a384
650 _aPHYSIOLOGY
653 _aPRACTICAL PHYSIOLOGY
942 _2ddc
_cBK
_068
999 _c8305
_d8305